[Event "Jugend WM U20w"]
[Site "Istanbul"]
[Date "2005.11.12"]
[Round "4.23"]
[White "Bensdorp, Marlies"]
[Black "Tilenbaeva, Janyl"]
[Result "1-0"]
[WhiteElo "2199"]
[BlackElo "2019"]
[PlyCount "91"]
[EventDate "2005.11.??"]
[EventType "swiss"]
[EventRounds "13"]
[EventCountry "TUR"]
[Source "Reinhold Goldau"]
[SourceDate "2000.03.01"]

1. d4 d5 2. c4 c6 3. Nf3 Nf6 4. e3 Bf5 5. Nc3 e6 6. Be2 Nbd7 7. Nh4 Bg6 8. Nxg6
hxg6 9. h3 Bd6 10. Qb3 Qc7 11. Bd2 Kf8 12. Rc1 Qb6 13. c5 Qxb3 14. axb3 Bc7 15.
b4 a6 16. Ra1 Re8 17. f4 Ne4 18. Nxe4 dxe4 19. Bd1 f5 20. Bb3 Nf6 21. b5 cxb5
22. c6 a5 23. Bxa5 Bxa5+ 24. Rxa5 bxc6 25. Ra6 Ke7 26. Rxc6 Kd7 27. Rb6 Ra8 28.
Kd2 Rhe8 29. Rc1 Nd5 30. Rxb5 Reb8 31. Bxd5 exd5 32. Rxd5+ Ke6 33. Re5+ Kd6 34.
Rc2 Rb3 35. Rec5 Ra2 36. Rc6+ Ke7 37. Rxg6 Kf7 38. Rgc6 Raxb2 39. Rxb2 Rxb2+
40. Rc2 Rb3 41. Ke2 Ke6 42. Kf2 Rd3 43. g4 fxg4 44. hxg4 g6 45. Rc6+ Kf7 46. f5
1-0

[Event "Jugend WM U20w"]
[Site "Istanbul"]
[Date "2005.11.12"]
[Round "4.24"]
[White "Zhang, Xiaowen"]
[Black "Chaumont, Adeline"]
[Result "1-0"]
[WhiteElo "2153"]
[BlackElo "2035"]
[PlyCount "63"]
[EventDate "2005.11.??"]
[EventType "swiss"]
[EventRounds "13"]
[EventCountry "TUR"]
[Source "Reinhold Goldau"]
[SourceDate "2000.03.01"]

1. e4 e6 2. d4 d5 3. Nc3 Nf6 4. e5 Nfd7 5. f4 c5 6. Nf3 Nc6 7. Be3 a6 8. Qd2 b5
9. a3 Bb7 10. Bd3 Qb6 11. Qf2 Be7 12. h4 h6 13. f5 O-O-O 14. Ne2 c4 15. fxe6
fxe6 16. Bg6 Rdf8 17. Nf4 Nd8 18. c3 a5 19. O-O Rhg8 20. Qc2 Rxf4 21. Bxf4 Rf8
22. Bg3 Nc6 23. Kh2 b4 24. axb4 axb4 25. Ng1 Rxf1 26. Rxf1 Qd8 27. Kh3 Nf8 28.
Ne2 Na5 29. Rf7 Bc6 30. Rxg7 bxc3 31. bxc3 Qb6 32. Rxe7 1-0

[Event "Jugend WM U20w"]
[Site "Istanbul"]
[Date "2005.11.12"]
[Round "4.25"]
[White "Mezioud, Amina"]
[Black "Djukic, Sandra"]
[Result "0-1"]
[WhiteElo "1978"]
[BlackElo "2140"]
[PlyCount "96"]
[EventDate "2005.11.??"]
[EventType "swiss"]
[EventRounds "13"]
[EventCountry "TUR"]
[Source "Reinhold Goldau"]
[SourceDate "2000.03.01"]

1. e4 c5 2. Nf3 Nc6 3. d4 cxd4 4. Nxd4 Qc7 5. Nc3 e6 6. g3 a6 7. Bg2 Nf6 8. O-O
Bc5 9. Nxc6 bxc6 10. Na4 Be7 11. Be3 Rb8 12. c4 d6 13. Qc2 c5 14. Bd2 Bd7 15.
Rab1 O-O 16. Rfe1 Bc6 17. Nc3 Nd7 18. Nd1 Ba8 19. Bc3 Ne5 20. Ne3 Nc6 21. Qd2
Rfd8 22. b3 Bf8 23. Ng4 Qe7 24. f4 h5 25. Ne3 Qa7 26. Rbd1 e5 27. Nd5 Nd4 28.
fxe5 dxe5 29. Qg5 Bxd5 30. exd5 f6 31. Qxh5 Qf7 32. Qh3 Qd7 33. g4 g6 34. Be4
Qh7 35. Qg2 Bh6 36. Rd3 Kf7 37. Rh3 Qg7 38. Bd2 Bxd2 39. Qxd2 f5 40. gxf5 gxf5+
41. Rg3 Qf6 42. Bxf5 Nxf5 43. Rf1 Rf8 44. Rgf3 Qg6+ 45. Qg2 Qxg2+ 46. Kxg2 Kg6
47. Kh3 Rh8+ 48. Kg2 Nh4+ 0-1

[Event "Jugend WM U20w"]
[Site "Istanbul"]
[Date "2005.11.12"]
[Round "4.26"]
[White "Gutierrez Castillo, Paloma"]
[Black "Brekke, Jorunn Marie"]
[Result "1-0"]
[WhiteElo "2127"]
[BlackElo "1972"]
[PlyCount "65"]
[EventDate "2005.11.??"]
[EventType "swiss"]
[EventRounds "13"]
[EventCountry "TUR"]
[Source "Reinhold Goldau"]
[SourceDate "2000.03.01"]

1. e4 e5 2. Nf3 Nc6 3. Bc4 Nf6 4. d3 Be7 5. Bb3 d6 6. c3 Na5 7. Bc2 c5 8. O-O
O-O 9. Nbd2 Nc6 10. Nc4 Qc7 11. Bg5 Ne8 12. Ne3 Bxg5 13. Nxg5 h6 14. Nf3 Nf6
15. Nh4 Ne7 16. Bb3 Be6 17. Qf3 b5 18. Nhf5 Qd7 19. Nxh6+ Kh7 20. Nhf5 Rh8 21.
Nxe7 Qxe7 22. Bxe6 fxe6 23. Qe2 Rab8 24. f4 b4 25. fxe5 dxe5 26. Nc4 Qc7 27.
Qe3 Kg8 28. Qg3 Nd7 29. Qg6 Rh6 30. Qf7+ Kh8 31. Qe7 Qd8 32. Qxd8+ Rxd8 33. Nd6
1-0

[Event "Jugend WM U20w"]
[Site "Istanbul"]
[Date "2005.11.12"]
[Round "4.28"]
[White "Reppen, Ellisiv"]
[Black "Gevorgyan, Irina"]
[Result "0-1"]
[WhiteElo "1850"]
[BlackElo "2099"]
[PlyCount "45"]
[EventDate "2005.11.??"]
[EventType "swiss"]
[EventRounds "13"]
[EventCountry "TUR"]
[Source "Reinhold Goldau"]
[SourceDate "2000.03.01"]

1. e4 c5 2. Nf3 e6 3. d4 cxd4 4. Nxd4 Nf6 5. Nc3 d6 6. Be3 a6 7. Be2 Qc7 8. O-O
b5 9. a3 Bb7 10. Qd3 Nbd7 11. f3 Be7 12. Rac1 O-O 13. Na2 d5 14. exd5 Bxd5 15.
Nc3 Bc4 16. Qd2 Nb6 17. Bd3 Rfd8 18. Qf2 {
Nd5 Nxd5 Nxd5 Bxc4 Nxe3 Nxe6 fxe6 Bxe6} Kh8 19. Rfe1 {Nc4} b4 {
Bf6 c3 Nxa3 Qa2 Nc4} 20. Bxc4 Qxc4 {
Qxc4 bxc4 Re4 Rac8 Re6 Rd3 Rxa6 Rxc3 Re1 Rb3 Rc6 Rg8 Rxc4 h6} 21. h3 {
Rd8 Re2 Rd1 Kh2 Rdb1} Re8 {Kh7} 22. Re2 h5 {Rc5} 23. h4 {
b5 Rf1 g3 Rfxf3 gxh4 Rxh3 Kg2 Rbg3 Kf1 Rxh4 Ke1 Rd3 Rg2 Re4 Re2 Bh4} 0-1

[Event "Jugend WM U20w"]
[Site "Istanbul"]
[Date "2005.11.12"]
[Round "4.30"]
[White "Raeva, Elitsa"]
[Black "Umudova, Nargiz"]
[Result "1-0"]
[WhiteElo "2213"]
[BlackElo "2101"]
[PlyCount "60"]
[EventDate "2005.11.??"]
[EventType "swiss"]
[EventRounds "13"]
[EventCountry "TUR"]
[Source "Reinhold Goldau"]
[SourceDate "2000.03.01"]

1. d4 Nf6 2. c4 g6 3. Nc3 Bg7 4. e4 d6 5. Bd3 e5 6. d5 a5 7. Nge2 Na6 8. f3 O-O
9. Bg5 h6 10. Be3 Bd7 11. Qd2 Kh7 12. g4 Ne8 13. h4 c6 14. Ng3 Nec7 15. Rd1 Rg8
16. Bb1 Ne8 17. dxc6 bxc6 18. c5 Be6 19. Nf5 Bf8 20. Bxh6 Bxf5 21. Bxf8 Rxf8
22. exf5 Nxc5 23. fxg6+ Kg7 24. h5 fxg6 25. hxg6 Kf6 26. Qh6 Ng7 27. g5+ Ke6
28. Qxg7 Qxg5 29. Ne2 Rxf3 30. Rh7 Raf8 1-0

[Event "Jugend WM U20w"]
[Site "Istanbul"]
[Date "2005.11.12"]
[Round "4.31"]
[White "Xu, Ruoyin"]
[Black "Gilbert, Jessie"]
[Result "1-0"]
[WhiteElo "2079"]
[BlackElo "2148"]
[PlyCount "103"]
[EventDate "2005.11.??"]
[EventType "swiss"]
[EventRounds "13"]
[EventCountry "TUR"]
[Source "Reinhold Goldau"]
[SourceDate "2000.03.01"]

1. d4 g6 2. c4 Bg7 3. Nf3 d6 4. Nc3 Nf6 5. g3 O-O 6. Bg2 c6 7. O-O a6 8. a4 a5
9. h3 Na6 10. e4 Qc7 11. Be3 e5 12. d5 Ne8 13. Qb3 Nb4 14. c5 Na6 15. cxd6 Nxd6
16. Bb6 Qe7 17. Rad1 c5 18. Bxa5 f5 19. Nd2 f4 20. Nb5 f3 21. Bxf3 Bxh3 22. Bg2
Bxg2 23. Kxg2 Nxb5 24. axb5 Nb8 25. d6+ Qf7 26. Qxf7+ Rxf7 27. Bc7 Nd7 28. Ra1
Raf8 29. Nc4 Rf6 30. b6 Rf3 31. Na5 Rd3 32. Nxb7 Rb3 33. Rac1 Nxb6 34. Nxc5
Rxb2 35. d7 Bh6 36. Rb1 Nxd7 37. Nxd7 Rfxf2+ 38. Rxf2 Rxb1 39. Bxe5 Bg7 40.
Bxg7 Kxg7 41. e5 Re1 42. Kf3 Kf7 43. Re2 Rxe2 44. Kxe2 Ke6 45. Nf8+ Kxe5 46.
Nxh7 Ke4 47. Kf2 Kf5 48. Kf3 g5 49. g4+ Kg6 50. Nf8+ Kf7 51. Nd7 Ke6 52. Nc5+
1-0

[Event "Jugend WM U20w"]
[Site "Istanbul"]
[Date "2005.11.12"]
[Round "4.32"]
[White "Hoolt, Sarah"]
[Black "Levacic, Melissa"]
[Result "1-0"]
[WhiteElo "2144"]
[BlackElo "1993"]
[PlyCount "73"]
[EventDate "2005.11.??"]
[EventType "swiss"]
[EventRounds "13"]
[EventCountry "TUR"]
[Source "Reinhold Goldau"]
[SourceDate "2000.03.01"]

1. Nc3 Nf6 2. e4 e5 3. Bc4 Nc6 4. d3 Na5 5. Bb3 Nxb3 6. axb3 d5 7. Bg5 Bb4 8.
Bxf6 gxf6 9. exd5 Qxd5 10. Qf3 Qxf3 11. Nxf3 Rg8 12. g3 Bh3 13. Ke2 Bxc3 14.
bxc3 Ke7 15. Nd2 Ke6 16. Rhe1 c5 17. f3 Ke7 18. g4 f5 19. Kf2 f6 20. Kg3 fxg4
21. f4 Ke6 22. fxe5 f5 23. Ra4 h5 24. Rf4 Rad8 25. Nc4 Rd7 26. Kh4 Rd5 27. d4
cxd4 28. cxd4 Rgd8 29. Nd6 Rf8 30. Ra1 Rxd6 31. exd6 a6 32. Ra5 Kxd6 33. Rfxf5
Rc8 34. Rad5+ Ke6 35. Rde5+ Kd6 36. Rf6+ Kd7 37. c4 1-0

[Event "Jugend WM U20w"]
[Site "Istanbul"]
[Date "2005.11.13"]
[Round "5.1"]
[White "Gu, Xiaobing"]
[Black "Motoc, Alina"]
[Result "1-0"]
[WhiteElo "2330"]
[BlackElo "2313"]
[PlyCount "111"]
[EventDate "2005.11.??"]
[EventType "swiss"]
[EventRounds "13"]
[EventCountry "TUR"]
[Source "Reinhold Goldau"]
[SourceDate "2000.03.01"]

1. e4 c5 2. Nf3 d6 3. d4 Nf6 4. Nc3 cxd4 5. Nxd4 a6 6. Be3 e5 7. Nb3 Be6 8. f3
Be7 9. Qd2 O-O 10. O-O-O a5 11. Qe1 Qc7 12. Nb5 Qc6 13. Nxa5 Qc8 14. Nxd6 Bxd6
15. Rxd6 Qc7 16. Rb6 Rc8 17. Bd3 Nbd7 18. Qb4 Nxb6 19. Bxb6 Qb8 20. Bb5 Nd7 21.
Bxd7 Bxd7 22. Rd1 Be6 23. g4 Re8 24. h4 Qc8 25. Rd3 h6 26. Rc3 Qd7 27. Rc7 Qd8
28. g5 Ra6 29. Rxb7 Qa8 30. gxh6 gxh6 31. c4 Kh7 32. c5 Rg8 33. c6 Qc8 34. c7
Qd7 35. Rb8 Qd3 36. Rxg8 Kxg8 37. Qc4 Qxc4+ 38. Nxc4 Rxa2 39. Bc5 f6 40. b4 Ra8
41. Nd6 Kf8 42. c8=Q+ Bxc8 43. Nxc8+ Ke8 44. Nd6+ Kd7 45. Kb2 Kc6 46. Kb3 Ra1
47. Kc4 Rf1 48. b5+ Kc7 49. b6+ Kb8 50. Kd5 Rxf3 51. Kc6 Rc3 52. Nb5 Rc1 53. b7
f5 54. exf5 e4 55. Kb6 Rd1 56. Bd6+ 1-0

[Event "Jugend WM U20w"]
[Site "Istanbul"]
[Date "2005.11.13"]
[Round "5.3"]
[White "Melia, Salome"]
[Black "Dzagnidze, Nana"]
[Result "1/2-1/2"]
[WhiteElo "2318"]
[BlackElo "2443"]
[PlyCount "39"]
[EventDate "2005.11.??"]
[EventType "swiss"]
[EventRounds "13"]
[EventCountry "TUR"]
[Source "Reinhold Goldau"]
[SourceDate "2000.03.01"]

1. e4 c5 2. Nf3 d6 3. d4 cxd4 4. Nxd4 Nf6 5. Nc3 a6 6. Be3 Ng4 7. Bc1 Nc6 8.
Nd5 e6 9. Qxg4 exd5 10. Nxc6 bxc6 11. Qe2 Be7 12. exd5 O-O 13. Qf3 Bf6 14. Be2
Qa5+ 15. Bd2 Qa4 16. O-O Qxc2 17. Bc3 Bxc3 18. bxc3 cxd5 19. Bd3 Qb2 20. Qxd5
1/2-1/2

[Event "Jugend WM U20w"]
[Site "Istanbul"]
[Date "2005.11.13"]
[Round "5.5"]
[White "Pogonina, Natalija"]
[Black "Khotenashvili, Bela"]
[Result "1/2-1/2"]
[WhiteElo "2401"]
[BlackElo "2288"]
[PlyCount "64"]
[EventDate "2005.11.??"]
[EventType "swiss"]
[EventRounds "13"]
[EventCountry "TUR"]
[Source "Reinhold Goldau"]
[SourceDate "2000.03.01"]

1. e4 c6 2. d4 d5 3. Nc3 dxe4 4. Nxe4 Bf5 5. Ng3 Bg6 6. h4 h6 7. Nf3 Nd7 8. h5
Bh7 9. Bd3 Bxd3 10. Qxd3 e6 11. Bd2 Qc7 12. O-O-O Ngf6 13. Ne4 O-O-O 14. g3
Nxe4 15. Qxe4 Nf6 16. Qe2 Bd6 17. c4 c5 18. Bc3 cxd4 19. Nxd4 a6 20. Kb1 Rd7
21. Nb3 Qc6 22. Rhe1 Rhd8 23. g4 Bf4 24. Rxd7 Rxd7 25. f3 e5 26. Nc1 e4 27.
Bxf6 Qxf6 28. Qxe4 Rd4 29. Qe8+ Rd8 30. Qe4 Rd4 31. Qe8+ Rd8 32. Qe4 Rd4
1/2-1/2

[Event "Jugend WM U20w"]
[Site "Istanbul"]
[Date "2005.11.13"]
[Round "5.6"]
[White "Zawadzka, Jolanta"]
[Black "Mamedjarova, Turkan"]
[Result "0-1"]
[WhiteElo "2381"]
[BlackElo "2223"]
[PlyCount "58"]
[EventDate "2005.11.??"]
[EventType "swiss"]
[EventRounds "13"]
[EventCountry "TUR"]
[Source "Reinhold Goldau"]
[SourceDate "2000.03.01"]

1. e4 e5 2. Nf3 Nf6 3. d4 Nxe4 4. Bd3 d5 5. Nxe5 Nd7 6. Nxd7 Bxd7 7. O-O Qh4 8.
c4 O-O-O 9. c5 g6 10. Nc3 Bg7 11. g3 Qf6 12. Nxe4 dxe4 13. Bxe4 Qxd4 14. Qc2
Ba4 15. b3 Bb5 16. Bg5 Rde8 17. Bg2 Bd3 18. Qd2 Bxf1 19. Rxf1 Qxd2 20. Bxd2 Rd8
21. Bf4 Rhe8 22. b4 Be5 23. Be3 Bd4 24. Bf4 Re2 25. a4 Rb2 26. c6 bxc6 27. Bxc6
Rxb4 28. Rc1 f6 29. Bb5 Bb6 0-1

[Event "Jugend WM U20w"]
[Site "Istanbul"]
[Date "2005.11.13"]
[Round "5.7"]
[White "Nadig, Kruttika"]
[Black "Kadziolka, Beata"]
[Result "0-1"]
[WhiteElo "2224"]
[BlackElo "2352"]
[PlyCount "206"]
[EventDate "2005.11.??"]
[EventType "swiss"]
[EventRounds "13"]
[EventCountry "TUR"]
[Source "Reinhold Goldau"]
[SourceDate "2000.03.01"]

1. e4 c5 2. Nf3 d6 3. d4 cxd4 4. Nxd4 Nf6 5. Nc3 a6 6. Bg5 e6 7. f4 Qc7 8. Qf3
b5 9. Bd3 b4 10. Nce2 Nbd7 11. O-O-O Bb7 12. Kb1 Be7 13. Bxf6 Bxf6 14. g4 Qb6
15. Nb3 g5 16. Nd2 gxf4 17. Qxf4 Qc5 18. Rhf1 Qe5 19. Nc4 Qxf4 20. Nxf4 Be5 21.
Be2 Ke7 22. Nxe5 dxe5 23. Nd3 a5 24. Bf3 Rac8 25. g5 Rc4 26. Rde1 Rd4 27. Rf2
Rf8 28. Bg2 Ba6 29. Bf1 Bb7 30. Bg2 a4 31. b3 a3 32. Kc1 Rc8 33. Re3 Ba6 34.
Bf1 Bxd3 35. Bxd3 Nc5 36. Kd2 Rd7 37. Ke2 Nxd3 38. cxd3 Rc2+ 39. Kf3 Rxf2+ 40.
Kxf2 Rc7 41. Re2 Rc1 42. Rd2 Rb1 43. h3 Rb2 44. Ke2 Kd6 45. Kd1 Rb1+ 46. Ke2
Rh1 47. Rc2 Rxh3 48. Rc4 Rh2+ 49. Ke3 Rxa2 50. Rxb4 Rb2 51. Rb7 a2 52. Ra7 Kc5
53. Ra4 Kb5 54. Kf3 Rxb3 55. Rxa2 Rxd3+ 56. Kf2 Kc6 57. Ra5 Rb3 58. Ra7 Rb7 59.
Ra5 Kd6 60. Kf3 Rb3+ 61. Kf2 Rc3 62. Ra7 Rc7 63. Ra8 Ke7 64. Rh8 Rc2+ 65. Kf3
Rh2 66. Ra8 Rh3+ 67. Kf2 Rh4 68. Rh8 Rxe4 69. Rxh7 Rg4 70. Rh5 e4 71. Ke3 Kf8
72. Rh7 Rxg5 73. Kxe4 Rg7 74. Rh8+ Ke7 75. Ra8 Rg4+ 76. Kf3 f5 77. Ra6 Kf6 78.
Rb6 Re4 79. Rb8 Rd4 80. Ke3 Rd6 81. Rf8+ Ke5 82. Re8 f4+ 83. Kf3 Rd3+ 84. Ke2
Rh3 85. Re7 Kf5 86. Ra7 e5 87. Ra5 Rh2+ 88. Kf3 Rd2 89. Rb5 Rd3+ 90. Ke2 Ra3
91. Kf2 Rc3 92. Ra5 Ke4 93. Ra4+ Kd5 94. Ra5+ Kd4 95. Ra8 Rc2+ 96. Kf3 Rc3+ 97.
Kf2 f3 98. Ra4+ Rc4 99. Ra8 Ke4 100. Ra5 Rc2+ 101. Kf1 Kf4 102. Ra8 e4 103. Ra4
Ke5 0-1

[Event "Jugend WM U20w"]
[Site "Istanbul"]
[Date "2005.11.13"]
[Round "5.8"]
[White "Ciobanu, Camelia"]
[Black "Harika, Dronavalli"]
[Result "0-1"]
[WhiteElo "2262"]
[BlackElo "2392"]
[PlyCount "46"]
[EventDate "2005.11.??"]
[EventType "swiss"]
[EventRounds "13"]
[EventCountry "TUR"]
[Source "Reinhold Goldau"]
[SourceDate "2000.03.01"]

1. b3 e5 2. Bb2 Nc6 3. e3 d6 4. Bb5 Bd7 5. Ne2 a6 6. Bxc6 Bxc6 7. f3 Qg5 8. Kf2
h5 9. d4 exd4 10. exd4 O-O-O 11. c4 Qh4+ 12. Ng3 d5 13. c5 f5 14. Kg1 Nh6 15.
Nc3 g6 16. b4 f4 17. Nge2 Nf5 18. Qe1 Qf6 19. Qf2 Bg7 20. Nd1 Bb5 21. Nxf4 Nxd4
22. Nxg6 Rhe8 23. h4 Re2 0-1

[Event "Jugend WM U20w"]
[Site "Istanbul"]
[Date "2005.11.13"]
[Round "5.9"]
[White "Zdebskaja, Natalia"]
[Black "Aketaeva, Dana"]
[Result "0-1"]
[WhiteElo "2390"]
[BlackElo "2256"]
[PlyCount "105"]
[EventDate "2005.11.??"]
[EventType "swiss"]
[EventRounds "13"]
[EventCountry "TUR"]
[Source "Reinhold Goldau"]
[SourceDate "2000.03.01"]

1. e4 e5 2. Nf3 Nc6 3. Bb5 a6 4. Ba4 Nf6 5. d4 exd4 6. O-O Be7 7. Re1 O-O 8. e5
Nd5 9. Nxd4 Nxd4 10. Qxd4 Nb6 11. Bb3 d5 12. exd6 Bxd6 13. Bf4 Qh4 14. g3 Qg4
15. f3 Qxf3 16. Re3 Qc6 17. Rc3 Qe8 18. Nd2 Bxf4 19. Qxf4 c6 20. Re3 Qd8 21.
Rd3 Qe7 22. Qf2 Nd5 23. Re1 Be6 24. Bxd5 cxd5 25. Rxd5 Qb4 26. Qd4 Qxd4+ 27.
Rxd4 Rac8 28. c4 Rfd8 29. Ree4 Kf8 30. g4 Ke7 31. Kf2 Rxd4 32. Rxd4 Rd8 33.
Rxd8 Kxd8 34. g5 Ke7 35. Ke3 f5 36. Kf4 Kd6 37. b3 Kc5 38. Ke5 Bd7 39. a3 a5
40. h4 g6 41. Nf1 a4 42. Nd2 axb3 43. Nxb3+ Kxc4 44. Na5+ Kd3 45. Nxb7 Ke3 46.
Nd6 Kf3 47. Nc4 Kg3 48. Nd2 Bb5 49. Nb3 f4 50. Nc5 Bc6 51. Nd3 f3 52. a4 Bxa4
53. Kd4 0-1

[Event "Jugend WM U20w"]
[Site "Istanbul"]
[Date "2005.11.13"]
[Round "5.10"]
[White "Paridar, Shadi"]
[Black "Vasilevich, Irina"]
[Result "0-1"]
[WhiteElo "2237"]
[BlackElo "2389"]
[PlyCount "62"]
[EventDate "2005.11.??"]
[EventType "swiss"]
[EventRounds "13"]
[EventCountry "TUR"]
[Source "Reinhold Goldau"]
[SourceDate "2000.03.01"]

1. e4 c5 2. c3 e6 3. Bb5 a6 4. Ba4 b5 5. Bc2 Bb7 6. Nf3 Nf6 7. Qe2 d5 8. e5
Nfd7 9. d4 Nc6 10. O-O cxd4 11. Nxd4 Ndxe5 12. f4 Nxd4 13. cxd4 Nc6 14. Be3 Be7
15. Nd2 Bf6 16. Nf3 O-O 17. Rad1 Rc8 18. Ne5 g6 19. Bb1 Bg7 20. Kh1 Na5 21. Nd3
Nc4 22. Bf2 Bc6 23. Nc5 a5 24. Rd3 b4 25. Rh3 Nd6 26. Qg4 Ne4 27. Bxe4 dxe4 28.
Bh4 Qxd4 29. Be7 Rfe8 30. Nxe6 Qc4 31. Re1 Qxe6 0-1

[Event "Jugend WM U20w"]
[Site "Istanbul"]
[Date "2005.11.13"]
[Round "5.12"]
[White "Meshcheriakova, Evgenia"]
[Black "Karavade, Eesha"]
[Result "1/2-1/2"]
[WhiteElo "2197"]
[BlackElo "2348"]
[PlyCount "75"]
[EventDate "2005.11.??"]
[EventType "swiss"]
[EventRounds "13"]
[EventCountry "TUR"]
[Source "Reinhold Goldau"]
[SourceDate "2000.03.01"]

1. e4 c5 2. Nf3 d6 3. Bc4 Nf6 4. Nc3 e6 5. d4 cxd4 6. Nxd4 a6 7. a4 Be7 8. Ba2
O-O 9. O-O Nc6 10. Kh1 Qc7 11. f4 Nb4 12. Bb3 b6 13. f5 e5 14. Nde2 Bb7 15. Ng3
d5 16. Nxd5 Nbxd5 17. exd5 Rad8 18. Nh5 Nxh5 19. Qxh5 Bxd5 20. Bxd5 Rxd5 21.
Qe2 a5 22. Be3 Rfd8 23. h3 Bf6 24. Ra3 h6 25. Rb3 R5d6 26. Rb5 Rc6 27. c3 Be7
28. Rd1 Rxd1+ 29. Qxd1 Bc5 30. Bxc5 Rxc5 31. Rxc5 Qxc5 32. Qd8+ Kh7 33. Qd3 Qf2
34. f6+ g6 35. Qd8 Qf1+ 36. Kh2 Qf4+ 37. Kh1 Qf1+ 38. Kh2 1/2-1/2

[Event "Jugend WM U20w"]
[Site "Istanbul"]
[Date "2005.11.13"]
[Round "5.13"]
[White "Plazaola, Maria De Los Angele"]
[Black "Liu, Pei"]
[Result "0-1"]
[WhiteElo "2087"]
[BlackElo "2283"]
[PlyCount "48"]
[EventDate "2005.11.??"]
[EventType "swiss"]
[EventRounds "13"]
[EventCountry "TUR"]
[Source "Reinhold Goldau"]
[SourceDate "2000.03.01"]

1. e4 c6 2. d4 d5 3. Nd2 dxe4 4. Nxe4 Nd7 5. Bd3 Ngf6 6. Ng5 e6 7. Qe2 Bd6 8.
N1f3 h6 9. Ne4 Nxe4 10. Qxe4 Nf6 11. Qe2 b6 12. Ne5 Bb7 13. f4 Qc7 14. Bd2
O-O-O 15. a4 c5 16. dxc5 Bxc5 17. a5 Kb8 18. axb6 axb6 19. b4 Bd4 20. Ra3 g5
21. c4 Rhg8 22. Nf3 gxf4 23. Bc3 Bxc3+ 24. Rxc3 Ne4 {....} 0-1

[Event "Jugend WM U20w"]
[Site "Istanbul"]
[Date "2005.11.13"]
[Round "5.14"]
[White "Mongontuul, Bathuyag"]
[Black "Corke, Anya"]
[Result "1-0"]
[WhiteElo "2408"]
[BlackElo "2222"]
[PlyCount "69"]
[EventDate "2005.11.??"]
[EventType "swiss"]
[EventRounds "13"]
[EventCountry "TUR"]
[Source "Reinhold Goldau"]
[SourceDate "2000.03.01"]

1. e4 c5 2. Nf3 e6 3. d4 cxd4 4. Nxd4 a6 5. Nc3 Qc7 6. Be2 Nf6 7. O-O Be7 8.
Be3 O-O 9. f4 d6 10. Qe1 b5 11. Bf3 Bb7 12. e5 Ne8 13. Qg3 Nc6 14. Ne4 d5 15.
Nc3 Bc5 16. Nce2 b4 17. Kh1 Qb6 18. Rad1 a5 19. Nxc6 Bxc6 20. Bxc5 Qxc5 21. Nd4
Bd7 22. Bg4 f5 23. Be2 Nc7 24. Qh4 Rf7 25. g4 fxg4 26. Qxg4 Raf8 27. Rd2 Qe7
28. Bd3 g6 29. Qg3 Kh8 30. Rg2 Ne8 31. Rf3 Ng7 32. Bxg6 hxg6 33. Qxg6 Rf5 34.
Nxf5 exf5 35. e6 1-0

[Event "Jugend WM U20w"]
[Site "Istanbul"]
[Date "2005.11.13"]
[Round "5.15"]
[White "Guseva, Marina"]
[Black "Zhang, Xiaowen"]
[Result "1-0"]
[WhiteElo "2363"]
[BlackElo "2153"]
[PlyCount "100"]
[EventDate "2005.11.??"]
[EventType "swiss"]
[EventRounds "13"]
[EventCountry "TUR"]
[Source "Reinhold Goldau"]
[SourceDate "2000.03.01"]

1. e4 e6 2. d4 d5 3. Nd2 Nf6 4. e5 Nfd7 5. Bd3 c5 6. c3 Nc6 7. Ngf3 g6 8. O-O
Bg7 9. Re1 O-O 10. Nf1 cxd4 11. cxd4 f6 12. Bb5 fxe5 13. Bxc6 bxc6 14. dxe5 Qb6
15. Be3 c5 16. Rb1 Nxe5 17. Nxe5 Bxe5 18. b4 d4 19. Bh6 Bg7 20. Bxg7 Kxg7 21.
bxc5 Qxc5 22. Qe2 Qd5 23. Rb5 Qd6 24. Ra5 Bd7 25. Nd2 Qc7 26. Re5 Qc2 27. Re4
d3 28. Qe3 Qxa2 29. Qxd3 Rf7 30. Nf3 Raf8 31. R4e2 Qd5 32. Qc3+ Kg8 33. Ne5 Re7
34. Rd2 Qb7 35. h4 Rc8 36. Qe3 Be8 37. Qg5 Rec7 38. h5 Rc1 39. Rxc1 Rxc1+ 40.
Kh2 Qb8 41. Qf6 Re1 42. f4 Qb1 43. Qe7 Rh1+ 44. Kg3 Qe1+ 45. Rf2 Qc3+ 46. Nf3
Bf7 47. Rd2 Kg7 48. h6+ Rxh6 49. Rd7 Qf6 50. Qxf6+ Kxf6 1-0

[Event "Jugend WM U20w"]
[Site "Istanbul"]
[Date "2005.11.13"]
[Round "5.16"]
[White "Purtseladze, Maka"]
[Black "Topel, Zehra"]
[Result "1-0"]
[WhiteElo "2338"]
[BlackElo "2105"]
[PlyCount "83"]
[EventDate "2005.11.??"]
[EventType "swiss"]
[EventRounds "13"]
[EventCountry "TUR"]
[Source "Reinhold Goldau"]
[SourceDate "2000.03.01"]

1. d4 f5 2. Nc3 Nf6 3. Bg5 e6 4. e4 fxe4 5. Nxe4 Be7 6. Bxf6 Bxf6 7. Qh5+ g6 8.
Qh6 Qe7 9. Nxf6+ Qxf6 10. O-O-O b6 11. h4 Nc6 12. h5 Ne7 13. Bd3 Rg8 14. Nf3
Bb7 15. Qg5 Qxg5+ 16. Nxg5 O-O-O 17. h6 Bxg2 18. Rh2 Bb7 19. Nxh7 Rh8 20. Ng5
Rdf8 21. c3 Nf5 22. h7 Kd8 23. f4 Ke7 24. Rg1 Kf6 25. Bxf5 exf5 26. c4 Re8 27.
d5 Re7 28. Kd2 d6 29. b4 c6 30. dxc6 Bxc6 31. Re1 Rxe1 32. Kxe1 Re8+ 33. Kd2
Rh8 34. Kc3 d5 35. Re2 d4+ 36. Kxd4 Be4 37. Nxe4+ fxe4 38. Rh2 Kg7 39. Ke3 Re8
40. h8=Q+ Rxh8 41. Rxh8 Kxh8 42. c5 1-0

[Event "Jugend WM U20w"]
[Site "Istanbul"]
[Date "2005.11.13"]
[Round "5.17"]
[White "Djukic, Sandra"]
[Black "Zhang, Jilin"]
[Result "0-1"]
[WhiteElo "2140"]
[BlackElo "2334"]
[PlyCount "84"]
[EventDate "2005.11.??"]
[EventType "swiss"]
[EventRounds "13"]
[EventCountry "TUR"]
[Source "Reinhold Goldau"]
[SourceDate "2000.03.01"]

1. d4 Nf6 2. c4 g6 3. Nc3 d5 4. Nf3 Bg7 5. Bf4 O-O 6. e3 c5 7. dxc5 Qa5 8. Nd2
Ne4 9. cxd5 Nxc3 10. bxc3 Nd7 11. Qc2 Nxc5 12. Rc1 Bd7 13. Be2 Na4 14. c4 Nc3
15. Nb3 Qa3 16. Nd4 Nxa2 17. Ra1 Bxd4 18. exd4 Nb4 19. Qc1 Nc2+ 20. Kd2 Qxa1
21. Qxa1 Nxa1 22. Rxa1 Rfc8 23. c5 a5 24. Kc3 h5 25. h3 Kg7 26. Bf3 Ra7 27. Be2
f6 28. Ra3 g5 29. Bd2 Kg6 30. Kb2 a4 31. Bb4 e6 32. dxe6 Bxe6 33. Re3 Bd5 34.
Re7 f5 35. Bd3 a3+ 36. Bxa3 Rca8 37. Bb4 Ra2+ 38. Kc3 Rxf2 39. g4 Ra1 40. Bxf5+
Kf6 41. Re5 Rc1+ 42. Kd3 Bc4+ 0-1

[Event "Jugend WM U20w"]
[Site "Istanbul"]
[Date "2005.11.13"]
[Round "5.18"]
[White "Nebolsina, Vera"]
[Black "Gutierrez Castillo, Paloma"]
[Result "1-0"]
[WhiteElo "2278"]
[BlackElo "2127"]
[PlyCount "36"]
[EventDate "2005.11.??"]
[EventType "swiss"]
[EventRounds "13"]
[EventCountry "TUR"]
[Source "Reinhold Goldau"]
[SourceDate "2000.03.01"]

1. d4 d5 2. Nf3 e6 3. g3 Nf6 4. c4 dxc4 5. Bg2 Nc6 6. Qa4 Bb4+ 7. Bd2 Nd5 8.
Qb5 O-O 9. Qxc4 Bxd2+ 10. Nbxd2 Nb6 11. Qc3 Re8 12. O-O Nd5 13. Qb3 e5 14. dxe5
Nxe5 15. Nxe5 Rxe5 16. Nc4 Rxe2 17. Qd3 Qe7 18. Qxd5 Qe6 1-0